ბათუმის შოთა რუსთაველის სახელმწიფო უნივერსიტეტის ბიბლიოთეკა

რჩეული ლექსები და პოემები. ტ.1. (ბიბ.ჩანაწერი № 41788)

000 -LEADER
fixed length control field 00818nam a2200229Ia 4500
001 - CONTROL NUMBER
control field 8470
003 - CONTROL NUMBER IDENTIFIER
control field GE_BSU
008 - FIXED-LENGTH DATA ELEMENTS--GENERAL INFORMATION
fixed length control field 181216s||||||||xx |||||||||||||| ||und||
040 ## - CATALOGING SOURCE
Transcribing agency GE_BSU
080 ## - UNIVERSAL DECIMAL CLASSIFICATION NUMBER
Universal Decimal Classification number 821.353.1-11+821.353.1-11
100 ## - MAIN ENTRY--PERSONAL NAME
Personal name ეული, სანდრო
245 ## - TITLE STATEMENT
Title რჩეული ლექსები და პოემები. ტ.1.
245 ## - TITLE STATEMENT
Remainder of title ტ.1.
245 ## - TITLE STATEMENT
Statement of responsibility, etc. წინასიტყვ. ავტ. მალაქია ტოროშელიძე; ვ. ლურსამიძე.
260 ## - PUBLICATION, DISTRIBUTION, ETC.
Place of publication, distribution, etc. თბილისი.
260 ## - PUBLICATION, DISTRIBUTION, ETC.
Name of publisher, distributor, etc. სახელმწიფო გამ–ბა.
260 ## - PUBLICATION, DISTRIBUTION, ETC.
Date of publication, distribution, etc. 1930
300 ## - PHYSICAL DESCRIPTION
Extent 245 გვ; 22 სმ.
300 ## - PHYSICAL DESCRIPTION
Other physical details სურ;
653 ## - INDEX TERM--UNCONTROLLED
Uncontrolled term რჩეული ლექსები და პოემები.
942 ## - ADDED ENTRY ELEMENTS (KOHA)
Koha item type წიგნი
ეგზემპლარები
Withdrawn status Lost status Damaged status Not for loan Date acquired Barcode Date last seen Price effective from Koha item type
        2018-12-17 30600 2018-12-17 2018-12-17 წიგნი